000 01164nam a22003497a 4500
003 CHAP
005 20220329133334.0
008 971013s1991 r 00010 d
010 _a5127
011 _a6099
035 _a5317
040 _cCHAP
090 _aFolleto 12726
110 _aMéxico. Secretaría de Comercio y Fomento Industrial
_977155
245 _aTratado de Libre Comercio en América del Norte
_b: propiedad intelectual
260 _aMéxico, D.F. :
_bLa Secretaría,
_c1991
300 _a6 p.
490 _aMonografía
_v; 2
500 _a56-68
590 _aBATCH-UPD
_b10
_c20130110
_lUCH01
_h1717
590 _aBATCH-UPD
_b10
_c20130410
_lUCH01
_h1101
590 _aBATCH-UPD
_b10
_c20130914
_lUCH01
_h1144
590 _aCONVERSION
_b10
_c20130109
_lUCH01
_h1304
650 1 4 _aAmerica del Norte
_xRelaciones exteriores
_xMexico.
_95380
650 1 4 _aDerechos de autor.
_931914
650 1 4 _aMéxico
_xRelaciones exteriores
_xTratados.
_976797
830 0 _aMonografía
_v; 2
_977546
901 _aBK
942 _cFOLL
949 _aFolleto 12726
_bBC
_cFOLL
_d-14888
_eTS1
_i5317
_si
949 _aFolleto 12726
_bBC
_cFOLL
_d-79990
_eTS2
_fc.2
_i5317
_si
999 _c5127
_d5127